000 00467nam a2200169 i 4500
001 66011
003 ES-MaACL
005 20230906165526.0
007 t|
008 040126s1931 sp ||||1| spa d
100 1 _aFuset Tubiá, J.
_953066
245 1 0 _aDiccionario tecnológico de biología /
_cJ. Fuset Tubiá.
250 _a1ª ed.
260 _aBarcelona :
_bBosch,
_c1931 (
_fClarasó)
300 _aX, 587 p. ;
_c23 cm.
852 _aES-MaACL
_jD-6917
_bR.30591
999 _c66011
_d66011